AH International Schools' Libraries

Haikyu!! : 9 / (Record no. 50196)

MARC details
000 -LEADER
fixed length control field 01277nam a2200181 4500
020 ## - INTERNATIONAL STANDARD BOOK NUMBER
International Standard Book Number 978-1421590998
020 ## - INTERNATIONAL STANDARD BOOK NUMBER
International Standard Book Number 1421590999
100 ## - MAIN ENTRY--PERSONAL NAME
Personal name Haruichi, Furudate,
Relator term author.
9 (RLIN) 86561
245 ## - TITLE STATEMENT
Title Haikyu!! : 9 /
Remainder of title Shonen jump manga edition.
Statement of responsibility, etc Story and Art by Haruchi Furudate.
260 ## - PUBLICATION, DISTRIBUTION, ETC. (IMPRINT)
Place of publication, distribution, etc San Francisco:
Name of publisher, distributor, etc VIZ Media,
Date of publication, distribution, etc 2025.
300 ## - PHYSICAL DESCRIPTION
Extent 5 x 0.7 x 7.5 inches.
Dimensions 200 pages.
490 ## - SERIES STATEMENT
Series statement Haikyu :
Volume number/sequential designation 9
500 ## - GENERAL NOTE
General note Ever since he saw the legendary player known as “the Little Giant” compete at the national volleyball finals, Shoyo Hinata has been aiming to be the best volleyball player ever! Who says you need to be tall to play volleyball when you can jump higher than anyone else?<br/><br/>Motivated by their heartbreaking loss to Aoba Johsai, Karasuno now works towards a new goal—the Spring Tournament! The team gears up for a trip to Tokyo for a training camp with some of the top teams in Tokyo, including Nekoma, but there’s something they need to do first…pass their finals! Hinata, Kageyama, Nishinoya and Tanaka are all at risk of not being allowed to go. What are they going to do?!
650 ## - SUBJECT ADDED ENTRY--TOPICAL TERM
9 (RLIN) 79779
Topical term or geographic name as entry element JUVENILE FICTION / Sports & Recreation / Basketball.
650 ## - SUBJECT ADDED ENTRY--TOPICAL TERM
9 (RLIN) 81930
Topical term or geographic name as entry element Manga (Japanese comic books)
650 #4 - SUBJECT ADDED ENTRY--TOPICAL TERM
9 (RLIN) 27290
Topical term or geographic name as entry element freindship
942 ## - ADDED ENTRY ELEMENTS (KOHA)
Source of classification or shelving scheme
Koha item type Book
Holdings
Withdrawn status Lost status Source of classification or shelving scheme Damaged status Not for loan Home library Current library Date acquired Total Checkouts Full call number Barcode Checked out Date last seen Date checked out Price effective from Koha item type
          Logos International School Logos International School 02/23/2026 3 GREAPHIX HAR JAP 040859 03/24/2026 03/04/2026 03/04/2026 02/23/2026 Book

For any Logos Library related questions please contact Miss Art at swongnarasuk@asianhope.org.

For any Asian Hope Library related questions please contact Miss Raza at graza@asianhope.org.

Powered by Koha